|
|
|
|
| LEADER |
00000nab a2200000 a 4500 |
| 001 |
vtls000776016 |
| 003 |
SK-MaSNL |
| 005 |
20260302154312.0 |
| 008 |
180206c2000 xo 0 slo |
| 015 |
|
|
|a SNBRB2001/12-34514
|
| 035 |
|
|
|a CLN000127803
|
| 040 |
|
|
|a SNKBUCL
|b slo
|c SNKBUCL
|e AACR2
|
| 041 |
0 |
|
|a slo
|
| 044 |
|
|
|a xo
|c SK
|
| 080 |
|
|
|a 338.242.4(048)
|2 UDC-MRF-SK2
|
| 100 |
1 |
|
|a Zlacký, Vladimír
|4 aut
|9 850769
|
| 245 |
1 |
0 |
|a Patológie vlády a ich liečba
|c Vladimír Zlacký
|
| 650 |
0 |
7 |
|a ekonomika
|x zásahy štátne
|x monografie
|x recenzie
|2 snkbucl
|9 850770
|
| 655 |
|
7 |
|a články z novín a časopisov
|2 snkbucl
|9 267496
|
| 773 |
0 |
|
|t Konzervatívne pohľady na spoločnosť a politiku
|g Roč. 1, jeseň - zima (2000), s. 70-71
|
| 787 |
0 |
8 |
|i Rec.:
|a Schliefer, Andrei
|a Vishny, Robert
|t Kradmá ruka
|d Bratislava : Kalligram, 2000
|z 8071493228
|w SK01SNK20000350791
|
| 850 |
|
|
|a Slovenská národná knižnica v Martine
|
| 852 |
|
|
|a SNK
|b KIS3GCP
|
| 958 |
|
|
|a RBX
|
| 999 |
|
|
|c 1368039
|d 1369969
|